[Event "Vienna Husek op-B"]
[Site "Vienna"]
[Date "2012.08.16"]
[Round "4"]
[White "Georgieva, Marina"]
[Black "Gruber, Paul"]
[Result "0-1"]
[WhiteElo "1758"]
[BlackElo "1961"]
[PlyCount "64"]
[EventDate "2012.08.13"]
[EventType "swiss"]
[EventRounds "7"]
[EventCountry "AUT"]
[SourceTitle "EXT 2014"]
[Source "ChessBase"]
[SourceDate "2013.11.20"]
[SourceVersion "1"]
[SourceVersionDate "2013.11.20"]
[SourceQuality "1"]

1. d4 Nf6 2. Nf3 g6 3. c4 Bg7 4. Nc3 d6 5. e4 0-0 6. Be3 Ng4 7. Bg5 f6 8. Bc1 e5 9. Be2 Nc6 10. d5 Ne7 11. h3 Nh6 12. 0-0 Nf7 13. b4 f5 14. Bd3 f4 15. c5 g5 16. Nd2 Ng6 17. Be2 Nh6 18. Bb2 Kh8 19. Rc1 Nh4 20. cxd6 cxd6 21. a3 Qd7 22. Bb5 Qf7 23. Be2 a6 24. b5 Qd7 25. bxa6 bxa6 26. Na4 Rb8 27. Bc3 Nxg2 28. Kxg2 Qxh3+ 29. Kg1 Ng4 30. Bxg4 Bxg4 31. f3 Qg3+ 32. Kh1 Rf6 0-1

[Event "Vienna Husek op-B"]
[Site "Vienna"]
[Date "2012.08.13"]
[Round "1"]
[White "Hoebarth, Guenter"]
[Black "Georgieva, Marina"]
[Result "1-0"]
[WhiteElo "1947"]
[BlackElo "1758"]
[PlyCount "64"]
[EventDate "2012.08.13"]
[EventType "swiss"]
[EventRounds "7"]
[EventCountry "AUT"]
[SourceTitle "EXT 2014"]
[Source "ChessBase"]
[SourceDate "2013.11.20"]
[SourceVersion "1"]
[SourceVersionDate "2013.11.20"]
[SourceQuality "1"]

1. e4 e6 2. b3 d5 3. Bb2 Nf6 4. exd5 exd5 5. Qe2+ Qe7 6. Bxf6 Qxe2+ 7. Bxe2 gxf6 8. Bf3 c6 9. Ne2 Bg7 10. Nbc3 Nd7 11. Bg4 0-0 12. Rd1 Nc5 13. Bxc8 Raxc8 14. 0-0 Rfe8 15. Ng3 Re6 16. Nce2 Ne4 17. Nf5 Re5 18. g4 Bf8 19. Nf4 Nd6 20. Ng3 Bh6 21. Nfh5 Re6 22. f4 Ne4 23. Nf5 Bf8 24. Rfe1 Rce8 25. Kg2 Nc5 26. Nxf6+ Rxf6 27. Rxe8 Ne6 28. Kg3 Nc7 29. Rc8 Ne6 30. Re1 c5 31. Re5 Nd4 32. Nxd4 cxd4 1-0

[Event "BUL-chT (Women) 44th"]
[Site "Albena"]
[Date "2011.06.08"]
[Round "7.1"]
[White "Draganova, Petranka"]
[Black "Georgieva, Marina"]
[Result "1/2-1/2"]
[WhiteElo "2007"]
[BlackElo "1741"]
[PlyCount "75"]
[EventDate "2011.06.02"]
[EventType "team-tourn"]
[EventRounds "7"]
[EventCountry "BUL"]
[SourceTitle "CBM 142 Extra"]
[Source "ChessBase"]
[SourceDate "2011.06.27"]
[SourceVersion "1"]
[SourceVersionDate "2011.06.27"]
[SourceQuality "1"]
[WhiteTeam "Varna Georgi Daskalov (W)"]
[BlackTeam "Blagoevgrad Victory (W)"]
[WhiteTeamCountry "BUL"]
[BlackTeamCountry "BUL"]

1. e4 e6 2. d4 d5 3. e5 c5 4. c3 Nc6 5. a3 Qb6 6. Nf3 cxd4 7. cxd4 Nge7 8. b4 a6 9. Bd3 Bd7 10. Be3 Ng6 11. 0-0 Be7 12. Nc3 0-0 13. Na4 Qd8 14. Nc5 Bxc5 15. bxc5 Nce7 16. Rb1 Bc6 17. h4 Re8 18. h5 Nf8 19. h6 g6 20. Bg5 Nd7 21. Nh2 Qc7 22. Qf3 Nf5 23. Bxf5 exf5 24. g4 fxg4 25. Nxg4 Re6 26. Qb3 Rb8 27. Ne3 b6 28. Nxd5 Bxd5 29. Qxd5 bxc5 30. Rxb8+ Nxb8 31. Rb1 cxd4 32. Rb7 Qc8 33. Rb3 Nd7 34. Bf4 Nf8 35. Qxd4 Rc6 36. Qd2 Rc2 37. Qd1 Ne6 38. Rd3 1/2-1/2

[Event "BUL-chT (Women) 44th"]
[Site "Albena"]
[Date "2011.06.06"]
[Round "5.1"]
[White "Tsvetkova, Svetlana"]
[Black "Georgieva, Marina"]
[Result "0-1"]
[WhiteElo "1860"]
[BlackElo "1741"]
[PlyCount "58"]
[EventDate "2011.06.02"]
[EventType "team-tourn"]
[EventRounds "7"]
[EventCountry "BUL"]
[SourceTitle "CBM 142 Extra"]
[Source "ChessBase"]
[SourceDate "2011.06.27"]
[SourceVersion "1"]
[SourceVersionDate "2011.06.27"]
[SourceQuality "1"]
[WhiteTeam "Pleven Spartak XXI (W)"]
[BlackTeam "Blagoevgrad Victory (W)"]
[WhiteTeamCountry "BUL"]
[BlackTeamCountry "BUL"]

1. e4 e6 2. d4 d5 3. e5 c5 4. c3 Nc6 5. Nf3 Qb6 6. Be2 cxd4 7. cxd4 Nge7 8. Qb3 Nxd4 9. Qxb6 Nxf3+ 10. Bxf3 axb6 11. 0-0 Nc6 12. Bf4 Bc5 13. Nc3 0-0 14. a3 Bd7 15. Rad1 Rfc8 16. Rfe1 Bd4 17. Rd3 Bxc3 18. Rxc3 Na5 19. Rxc8+ Rxc8 20. Bd2 Nc4 21. Bc3 Nxa3 22. Ra1 Nb5 23. Bb4 h6 24. Be2 Nd4 25. Bd3 Bb5 26. Bxb5 Nxb5 27. g3 Nd4 28. Ra7 Nc6 29. Ra4 b5 0-1

[Event "BUL-chT (Women) 44th"]
[Site "Albena"]
[Date "2011.06.04"]
[Round "3.1"]
[White "Videnova, Iva"]
[Black "Georgieva, Marina"]
[Result "1-0"]
[WhiteElo "2345"]
[BlackElo "1741"]
[PlyCount "57"]
[EventDate "2011.06.02"]
[EventType "team-tourn"]
[EventRounds "7"]
[EventCountry "BUL"]
[SourceTitle "CBM 142 Extra"]
[Source "ChessBase"]
[SourceDate "2011.06.27"]
[SourceVersion "1"]
[SourceVersionDate "2011.06.27"]
[SourceQuality "1"]
[WhiteTeam "Plovdiv Lokomotiv 2000 (W)"]
[BlackTeam "Blagoevgrad Victory (W)"]
[WhiteTeamCountry "BUL"]
[BlackTeamCountry "BUL"]

1. e4 e6 2. d4 d5 3. Nc3 Nf6 4. e5 Nfd7 5. f4 c5 6. Nf3 Nc6 7. Be3 cxd4 8. Nxd4 Bc5 9. Qd2 Nxd4 10. Bxd4 Bxd4 11. Qxd4 a6 12. 0-0-0 0-0 13. h4 Nb8 14. h5 Nc6 15. Qd2 f6 16. exf6 Qxf6 17. g3 Ne7 18. Bh3 Nf5 19. Bxf5 Qxf5 20. h6 g6 21. Rde1 Qf7 22. Qd4 Bd7 23. Re5 Rae8 24. Rhe1 Bc6 25. Rxe6 Rxe6 26. Rxe6 Rd8 27. Ne4 Bd7 28. Nf6+ Kf8 29. Qc5+ 1-0

[Event "BUL-chT (Women) 44th"]
[Site "Albena"]
[Date "2011.06.02"]
[Round "1.1"]
[White "Raeva, Elitsa"]
[Black "Georgieva, Marina"]
[Result "1-0"]
[WhiteElo "2322"]
[BlackElo "1741"]
[PlyCount "45"]
[EventDate "2011.06.02"]
[EventType "team-tourn"]
[EventRounds "7"]
[EventCountry "BUL"]
[SourceTitle "CBM 142 Extra"]
[Source "ChessBase"]
[SourceDate "2011.06.27"]
[SourceVersion "1"]
[SourceVersionDate "2011.06.27"]
[SourceQuality "1"]
[WhiteTeam "Sofia Shah XXI (W)"]
[BlackTeam "Blagoevgrad Victory (W)"]
[WhiteTeamCountry "BUL"]
[BlackTeamCountry "BUL"]

1. d4 Nf6 2. c4 e6 3. a3 d5 4. Nc3 Be7 5. Nf3 0-0 6. e3 c6 7. Bd3 dxc4 8. Bxc4 Nd5 9. e4 Nxc3 10. bxc3 Nd7 11. 0-0 Nf6 12. Bd3 c5 13. Qe2 Bd7 14. e5 Nd5 15. c4 Nc7 16. d5 exd5 17. cxd5 Nxd5 18. Qe4 g6 19. Qxd5 Bc6 20. Qb3 a6 21. Bh6 Re8 22. Rad1 Qc7 23. Qxf7+ 1-0